00671nam a2200241 a 4500001001300000003000900013005001700022008004100039020001000080082001300090100002200103245005300125260003400178300000800212500003500220505001000255650002100265700002200286902000800308942000700316952009300323999001300416nice12345678IN_TiNIC20260116011310.0050524s1935 luca grp 000 0 urd  ac10000a245bSAD aSada, Issa Charan aFirdaus-E-Bazyaftahb Milton`s Paradise Regained aLucknowbBuisness Pressc1935 a78p aincludes index and biblioraphy2 aIndex aChristian-Poetry1 aSada, Issa Charan bRBA cBK 00104070aHMIbHMId2007-07-05g100.00l0o245 SADp4456r2007-07-05w2026-01-16yARB c296d296